Регионална библиотека "Любен Каравелов" - Русе

Маски (Запис номер 183837)

MARC детайли
000 -Лидер
Контролно поле с фиксирана дължина 01715nam a2200361 c 4500
003 - Код на организацията, давaща контролен номер
Контролно поле BLK
005 - Дата и час на последна редакция
Контролно поле 20240520154601.0
008 - Елементи от данни с фиксирана дължина
fixed length control field 180411b bul|||||r ||||||| ||bul||
010 ## - Наследен системен номер
LC control number KNG00192782000
020 ## - Международен стандартен номер на книга ISBN
Международен стандартен номер на книга ISBN 978-619-186-211-5
-- издат.: Жанет 45
040 ## - Източник на каталожния запис
Идентификатор на билиотеката - собственик на записа BLK
041 ## - Код за език
Код за езика на текст/звукозапис или на отделно заглавие Български
Код за езика КДБФ Български
072 #7 - Код за тематичната категория
Код организация bullib
Код за тематична категория Н83
Текст Чужда художествена литература Н
080 ## - УДК
Текстов определител УДК Кубинска литература
УДК код - определител по УДК 821.134.2(729.1)
УДК определител -31
УДК - код + определител 821.134.2(729.1)-31
100 1# - Редна дума - Автор
Автор Падура, Леонардо
Авторска отговорност първи автор
R(LIN) 337045
139 ## - Редно поле
Редна дума Падура Фуентес, Леонардо
Авторски знак Пад - П 14
245 10 - Сведения за заглавието
Заглавие Маски
Подзаглавни данни Роман
Редно поле (дума) * Леонардо Падура Фуентес; Леонардо Падура; прев. от исп. Емилия Матеева Юлзари.
257 ## - Страна на издаване
Страна на създаване/издаване Куба
260 ## - Област на издателските данни
-- Пловдив
Име на издателя, разпространителя и проч. Жанет 45
Година на издаване 2015
300 ## - Физическа характеристика
Страници 258 с.
Илюстрации и др. с ил.
Размери/Мащаб 20 см
380 ## - Жанр
Жанр Худож. лит.
490 1# - СЕРИИ (Колекции)
Име на серия Кубинската поредица
500 ## - Общи забележки
Забележка Ориг. загл.: Mascaras / Leonardo Padura. - Възприетата форма на името на авт. е Леонардо Падура Фуентес. - Биогр. данни за авт., прев. отбелязани на предзагл. с.
659 ## - Тематичен бюлетин
Тематичен бюлетин Н
700 1# - Други автори (авторска отговорност)
Лично име Падура Фуентес, Леонардо
Автороска отговорност (Описва отношението между автора и произведението) *
9 (RLIN) 337044
700 ## - Други автори (авторска отговорност)
Лично име Юлзари, Емилия Матеева
Друга информация Юлзари-Албахари, Емилия Матей
9 (RLIN) 380779
852 ## - Местоположение
Форматна сигнатура Цб 282675
856 4# - Електронен адрес и достъп
Електронен формат pdf - файл
Път до файла /url/
856 4# - Електронен адрес и достъп
Електронен формат pdf - файл
Път до файла /url/
942 ## - АРТИКУЛИ
Вид на библиотечния материал Книги
Скрит в OPAC Не
944 ## - СЪЗДАВАНЕ И РЕДАКЦИЯ на ЗАПИСА
Създаване/Редакция Създаване
Дата на регистрацията/редакция 13.10.2016
Служител, извършил регистрацията/редакцията 30550
Статус, дата на статуса Кети Илиева
944 ## - СЪЗДАВАНЕ И РЕДАКЦИЯ на ЗАПИСА
Създаване/Редакция Редакция
Дата на регистрацията/редакция 19.10.2016
Служител, извършил регистрацията/редакцията Грета_Цуфелде
999 ## - СИСТЕМНИ КОНТРОЛНИ НОМЕРА
Koha biblionumber 183837
Koha biblioitemnumber 183837
Наличности
Код за отписване Код за изгубен артикул Код за повреда Коз за рестрикции Код за отдаване Артикулен № Име на библиотеката - собственик Име на библиотеката, в която се намира в момента Статус (Текущо местоположение) Дата на вписване в системата Местоположение - отдел Цена в лева Инвентарен номер Систематично азбучна сигнатура Баркод Номер на екземпляра Цена в евро Служебна бележка Служебен тип на артикула
  Не е изгубен Не е повреден без рестрикции ползва се в читалня 317227 Регионална библиотека "Любен Каравелов" Русе Регионална библиотека "Любен Каравелов" Русе Хранилище 2016-10-14 Хранилище 14.00 120000804694 Цб 282675 120000804694 1 7.16 Дост: Dp Вид: Д N: 37 Дата: 19.08.2016 Книги
Vip Innovations Ltd, Rousse, Bulgaria 2025